Loading...
| Mythology | 0 | 8 | 1 | 0 | 75 | 9 | 79.63 | 3 | 8 | 0.00 | 0.00 |
| Religion | 0 | 3 | 0 | 0 | 30 | 69 | 85.00 | 3 | 3 | 0.00 | 0.00 |
| Literature - European | 0 | 3 | 0 | 0 | 30 | 95 | 118.00 | 0 | 1 | 0.00 | 0.00 |
| Literature - World | 0 | 3 | 0 | 0 | 30 | 127 | 137.00 | 0 | 1 | 0.00 | 0.00 |
| Social Science | 0 | 2 | 0 | 0 | 20 | 89 | 92.00 | 0 | 2 | 0.00 | 0.00 |
| History - Other | 0 | 2 | 0 | 0 | 20 | 95 | 108.00 | 0 | 1 | 0.00 | 0.00 |
| Literature - British | 0 | 2 | 0 | 0 | 20 | 41 | 78.00 | 1 | 1 | 0.00 | 0.00 |
| Philosophy | 0 | 2 | 0 | 0 | 20 | 111 | 112.50 | 0 | 2 | 0.00 | 0.00 |
| Literature - American | 0 | 2 | 1 | 0 | 15 | 106 | 109.50 | 0 | 2 | 0.00 | 0.00 |
| Fine Arts - Other | 0 | 1 | 0 | 0 | 10 | 141 | 141.00 | 0 | 0 | 0.00 | 0.00 |
| Science - Biology | 0 | 1 | 0 | 0 | 10 | 91 | 91.00 | 0 | 0 | 0.00 | 0.00 |
| History - European | 0 | 1 | 1 | 0 | 5 | 99 | 99.00 | 0 | 0 | 0.00 | 0.00 |